| 000 | 00772nmm a2200265 a 4500 | ||
|---|---|---|---|
| 003 | AR-BaBNM | ||
| 005 | 20251128202729.0 | ||
| 008 | 287019s1983 ||||||||||||||000 | spa|| | ||
| 020 | _a950-13-3254-3 | ||
| 040 | _cAR-BaBNM | ||
| 100 | 1 | _aFloria, Carlos Alberto | |
| 245 | 1 | 0 |
_aHistoria de los argentinos _n1 |
| 250 | _a2ª ed. | ||
| 260 |
_aBuenos Aires _bKapelusz _c1983 |
||
| 300 |
_a518 p. _bil., tablas, gráfs., mapas |
||
| 504 | _aBibliografía general p. 455-462 | ||
| 650 | 4 | _aDESCUBRIMIENTO DEL RIO DE LA PLATA | |
| 650 | 4 | _aCOLONIZACION DEL RIO DE LA PLATA | |
| 650 | 4 | _aVIRREINATO DEL RIO DE LA PLATA | |
| 650 | 4 | _aINDEPENDENCIA ARGENTINA | |
| 650 | 4 | _aROSAS Y SU TIEMPO | |
| 700 | 1 | _aGarcía Belsunce, César A. | |
| 942 | _cBK | ||
| 998 | _cmariana | ||
| 999 |
_c292 _d292 |
||